| 000 | 00946nam a2200193 i 4500 | ||
|---|---|---|---|
| 001 | 171158 | ||
| 003 | ES-MaACL | ||
| 005 | 20230906214544.0 | ||
| 008 | 090430s1871 sp |||| | spa d | ||
| 100 | 1 |
_aFuentes, José de. _9139998 |
|
| 245 | 1 | 3 |
_aUn manojo de espárragos _b: juguete cómico un (sic) un acto : imitado del francés / _cpor José de Fuentes y Aurelio Alcón. |
| 260 |
_aMadrid : _b[s.n.], _c1871 ( _fEst. tip. de Pedro Abienzo) |
||
| 300 |
_a20 p. ; _c18 cm. |
||
| 500 | _aEn port.: Representado con éxito en el Teatro de Novedades la noche del 27 de octubre de 1870. | ||
| 530 | _aDisponible en formato digital. | ||
| 700 | 1 |
_aAlcón, Aurelio. _9139999 |
|
| 852 |
_aES-MaACL _jF-8588(4) _z- Enc. pasta española _q- Falto de cub. original _zEnc. en un vol. facticio formando parte de la col. "Teatro español moderno", v. 41 |
||
| 856 |
_uhttp://bdh-rd.bne.es/viewer.vm?id=0000043056&page=1 _zBiblioteca Digital Hispánica |
||
| 999 |
_c171158 _d171158 |
||